| 000 | 00365nam a2200145Ia 4500 | ||
|---|---|---|---|
| 008 | 150201s1994 xx 000 0 und d | ||
| 082 |
_a617.692 _bO1994G |
||
| 100 | _aGILMORE | ||
| 245 | _aOPERATIVE DENTISTRY | ||
| 250 | _a4TH | ||
| 260 |
_bB.I.PUBLICATION _aDELHI _c1994 |
||
| 300 | _a1-379 | ||
| 650 | _aCONSERVATIVE DENTISTRY & ENDODONTICS | ||
| 942 |
_2ddc _cBK _01 |
||
| 999 |
_c3196 _d3196 |
||